Synchronizácia času zariadení v prostredí nízkoenergetických sietí internetu vecí

Enregistré dans:
Détails bibliographiques
Auteur principal: Sabol, Patrik (Auteur)
Autres auteurs: Zemko, Ladislav (Directeur de thèse)
Format: Manuscrit Livre
Langue:slovaque
Publié: 2025
Sujets:
Accès en ligne:http://is.stuba.sk/zp/portal_zp.pl?podrobnosti=183679
Tags: Ajouter un tag
Pas de tags, Soyez le premier à ajouter un tag!

MARC

LEADER 00000ntm a22000003a 4500
001 stuzp105852
003 SK-STU
005 20250607211830.0
007 ta
008 150427s2015----xo-----f-mn---000-0-slo-d
040 |a STU  |b slo 
041 0 |a slo 
100 1 |a Sabol, Patrik  |u 070400  |4 aut  |U FIIT Fakulta informatiky a informačných technológií  |T FIIT Ústav počítačového inžinierstva a aplikovanej informatiky  |X 103112  |U I400  |Y 672  |7 103112 
242 0 1 |a Time Synchronization of Devices in the Low-Power IoT Networks Environment  |y eng 
245 1 0 |a Synchronizácia času zariadení v prostredí nízkoenergetických sietí internetu vecí 
260 |c 2025 
650 4 |a Time Synchronization  |2 eng 
650 4 |a Linear Regression  |2 eng 
650 4 |a Communication Scheduling  |2 eng 
650 4 |a IoT  |2 eng 
650 4 |a LoRaWAN  |2 eng 
650 4 |a Lineárna regresia  |2 slo 
650 4 |a Plánovanie komunikácie  |2 slo 
650 4 |a IoT  |2 slo 
650 4 |a LoRaWAN  |2 slo 
650 4 |a Synchronizácia času  |2 slo 
700 1 |a Zemko, Ladislav  |u 070400  |k Z3  |4 ths  |U FIIT Fakulta informatiky a informačných technológií  |T FIIT Ústav počítačového inžinierstva a aplikovanej informatiky  |X 79823  |U I400  |Y 672  |7 79823 
856 4 |u http://is.stuba.sk/zp/portal_zp.pl?podrobnosti=183679